000 00646nam a22001937a 4500
999 _c168139
_d168139
005 20190927111237.0
010 _aENG-126569
020 _c550.00
_a9789388879033
035 _aEN-110101
037 _bDBAD/PUB
082 _a305.4
100 _aJain , Veenus
245 _aWomen :
_cBy Veenus jain [and] Pushpraj Singh
_bA Journey Through The Ages /
260 _aNew Delhi
_bNew Delhi Publishers
_c2019
270 _bNew Delhi
_a90, Sainik Vihar , Mohan Garden
_e110059
_k011-23256188 ,9971676330
_mndpublishers@gmail.com
300 _avii196p.
_c25cm,(pbk)
700 _aSingh , Pushpraj
942 _2ddc
_cEN
_h305.4
_mJAI